Cohomologie Cristalline des Schémas de Caractéristique p > 0 /
Guardat en:
| Autor principal: | |
|---|---|
| Format: | Sách giấy |
| Publicat: |
Berlin :
Springer-Verlag ,
1974
|
| Etiquetes: |
Afegir etiqueta
Sense etiquetes, Sigues el primer a etiquetar aquest registre!
|
| Thư viện lưu trữ: | Thư viện Trường Đại học Đà Lạt |
|---|
| LEADER | 00595nam a2200241 4500 | ||
|---|---|---|---|
| 001 | DLU020011510 | ||
| 005 | ##1/14/2000 | ||
| 041 | # | # | |f re |
| 082 | # | # | |a 514.23 |b BE-P |
| 090 | # | # | |a 514.23 |b BE-P |
| 100 | # | # | |a Berthelot, Pierre |
| 245 | # | # | |a Cohomologie Cristalline des Schémas de Caractéristique p > 0 / |c Berthelot Pierre |
| 260 | # | # | |a Berlin : |b Springer-Verlag , |c 1974 |
| 300 | # | # | |a 603 tr.; |c 24 cm. |
| 992 | # | # | |a 18000 |
| 994 | # | # | |a DLU |
| 900 | # | # | |a False |
| 911 | # | # | |a Administrator |
| 925 | # | # | |a G |
| 926 | # | # | |a A |
| 927 | # | # | |a SH |
| 980 | # | # | |a Thư viện Trường Đại học Đà Lạt |